000 00843nam a2200241Ia 4500
003 OSt
005 20221005112636.0
006 a|||||r|||| 00| 0
007 ta
008 221004b |||||||| |||| 00| 0 pan d
020 _c150
024 _a95208
037 _b214, 31/12/2008, H.K. Prakashan
_cTextual
040 _aCRL
_cCRL
_bpan
041 _2pan
_apan
082 _aY5927.2, 153P5
100 _aਭੀਮ ਇੰਦਰ ਸਿੰਘ, ਥਦ।
_9167476
245 0 _aਦਲਿਤ ਚਿੰਤਨ
_b ਮਾਰਕਸੀ ਪਰਿਪੇਖ
260 _aਜਲੰਧਰ
_bਕੁਕਨੁਸ ਪ੍ਰਕਾਨ ਭਾਰਤ
_c2005
300 _a166ਪੰ
_ccm.
942 _hY5927.2, 153P5
_cTEXL
_2cc
999 _c1025494
_d1025494